Datum a čas kvízu
30
Celkem bodů
Celkový počet nahraných bodů na tomto kvízu bez doplňovacích otázek.
7.
Pořadí na kvízu
Konečné umístění týmu na tomto kvízu.
Zaznamenané odpovědi
| # | Otázka | Odpověď | Body | Výsledky |
|---|---|---|---|---|
| 1. | V obci Hlubyně bylo minulý týd... | o telefonní budce | 1 | |
| 2. | Minulý týden se uskutečnil sum... | v Ženevě | 1 | |
| 3. | Jedna česká zpěvačka se díky s... | Ewa Farna | 1 | |
| 4. | Na Václavském náměstí se minul... | Primark | 1 | |
| 5. | Jednání portugalského fotbalis... | Coca-Cola | 1 | |
| 6. | Právě probíhající Mistrovství... | Glasgow, Londýn | 1 | |
| 7. | Dalším městem, kde se turnaj k... | grachty | 1 | |
| 8. | Pohled na další ze stadionů si... | v Budapešti | 1 | |
| 9. | Ne všechny zápasy mistrovství... | Baku | 0 | |
| 10. | Přiřaďte následující hrací sta... | 1D 2C 3B 4A | 1 |